000 00535cam a22002053a 4500
001
003 DO-SdBNP
005 20220428091432.0
008 970709s1989 nyu 000 1 eng d
040 _aBPMSU
_bspa
_cBPMSU
_d
082 _222
_bM621s 1989
_a813
100 1 _aMichaels, Fern.
_d1933-
245 1 0 _aSins of omission /
_cFern Michaels.
260 _aNew York :
_bBallantine Books,
_c1989.
300 _a497 p. ;
_c22 cm.
650 4 _aHistorias de amor.
650 4 _aNovela estadounidense
910 _aVMateo
942 _cBK
_2ddc
999 _c14167
_d14167